000 00881nam a22002417a 4500
999 _c1316
_d1316
003 AR-CdUCM
008 190226b ||||| |||| 00| 0 spa d
040 _aMUNICIPALIDAD PROVINCIAL DEL CUSCO
_cBIBLIOTECA MUNICIPAL DEL CUSCO
082 _a152 /
_bT48
100 _aThompson, Richard F.
_95061
245 _aIntroducción a la Psicología Fisiológica
260 _aMéxico :
_bTec-cien ;
_c1977.
300 _a695 páginas
_bilustraciones, cuadros
_c24cm
505 _aEvolución y conducta -- Bases genéticas del desarrollo de la conducta -- Neuroanatomía -- Aprendizaje y memoria -- Pensamiento y Lenguaje
650 _aConducta
_95062
650 _aGenética
_95063
650 _aActividad nerviosa
_95064
650 _aSinapsia química
_95065
650 _aMotivación
_95066
710 _aHARLA, S. A.
_95067
942 _2ddc
_cLIBROS
945 _anom
_d2019-02-26